• 首页
  • 本馆介绍
  • 公告通知
  • 最新文献
  • 馆藏检索
  • 电子资源
  • 读者导购
  • 参考咨询
  • 我的图书馆
  • 登录
  • 详细信息显示
  • 放入我的书架
  • 预约/预借图书
  • 作者相关作品
  • 分类相关作品
  • 丛书相关作品
  • 出版社相关作品

书目信息

  • 表格格式
  • 工作单格式
  • 卡片格式
题名:
教育政策研究的多维视角
    
 
作者: 黄忠敬 著
分册:  
出版信息: 北京   教育科学出版社  2016
页数: 249页
开本: 24cm
丛书名:
单 册:
中图分类: G510
科图分类:
主题词: 教育政策--jiao yu zheng ce--研究--世界
电子资源:
ISBN: 978-7-5041-9996-6
000 00908nam0 22002411 450
001 1754473652
005 20170516112211.0
010    @a978-7-5041-9996-6@dCNY38.00
100    @a20160914d2016 em y0chiy50 ea
101 0  @achi
102    @aCN@b110000
105    @ay z 001yy
106    @ar
200 1  @a教育政策研究的多维视角@9jiao yu zheng ce yan jiu de duo wei shi jiao@f黄忠敬等著
210    @a北京@c教育科学出版社@d2016
215    @a249页@d24cm
300    @a上海市教育委员会科研创新项目 上海市高峰学科建设计划教育学项目
330    @a本书重点探讨教育公平与质量的价值取向、教育权力与治理结构、思想库与教育决策机制、教育政策与教育研究的关系、教育政策专业人才培养等主题,进而考察教育政策研究的最新进展。
606 0  @a教育政策@9jiao yu zheng ce@x研究@y世界
690    @aG510@v5
701  0 @a黄忠敬@9huang zhong jing@f(1970~)@4著
801  0 @aCN@b百万庄@c20170512
905    @b1005144-9@dG510@e84@f6
    
    教育政策研究的多维视角/黄忠敬等著.-北京:教育科学出版社,2016
    249页;24cm
    上海市教育委员会科研创新项目 上海市高峰学科建设计划教育学项目
    
    ISBN 978-7-5041-9996-6:CNY38.00
    本书重点探讨教育公平与质量的价值取向、教育权力与治理结构、思想库与教育决策机制、教育政策与教育研究的关系、教育政策专业人才培养等主题,进而考察教育政策研究的最新进展。
●
相关链接 在E读中查询图书 在五车中查询图书 在当当中查询图书 在豆瓣中查询图书


正题名:教育政策研究的多维视角     索取号:G510/84         预约/预借

序号 登录号 条形码 馆藏地/架位号 状态 备注
1 1005144   210051441   第一样本阅览室/ [索取号:G510/84] 在馆    
2 1005145   210051450   教育系资料室/ [索取号:G510/84] 在馆    
3 1005146   210051469   教育系资料室/ [索取号:G510/84] 在馆    
4 1005147   210051478   教育系资料室/ [索取号:G510/84] 在馆    
5 1005148   210051487   第四借阅区/ [索取号:G510/84] 在馆    
6 1005149   210051496   第四借阅区/ [索取号:G510/84] 在馆    
唐山师范学院图书馆 欢迎您!
大连网信软件有限公司© 版权所有